Reinforced concrete structures. (Record no. 546924)
[ view plain ]
| 000 -LEADER | |
|---|---|
| fixed length control field | 00481nam a22001577a 4500 |
| 082 ## - DEWEY DECIMAL CLASSIFICATION NUMBER | |
| Classification number | 624.18341 |
| Author Mark | PUN |
| -- | L-19, P-69 |
| 100 ## - MAIN ENTRY--PERSONAL NAME | |
| Personal name | Punmia, B.C |
| 9 (RLIN) | 22958 |
| 245 ## - TITLE STATEMENT | |
| Title | Reinforced concrete structures. |
| 260 ## - PUBLICATION, DISTRIBUTION, ETC. | |
| Place of publication, distribution, etc. | Delhi |
| Name of publisher, distributor, etc. | Standard Publishers Distributors. |
| 300 ## - PHYSICAL DESCRIPTION | |
| Extent | xvii, 1008p. : |
| Other physical details | ill. : |
| Dimensions | 8 Cm |
| 526 ## - STUDY PROGRAM INFORMATION NOTE | |
| Program name | 0 |
| Interest level | 0 |
| Reading level | 0 |
| Title point value | 624_183410000000000_PUN |
| 526 ## - STUDY PROGRAM INFORMATION NOTE | |
| Program name | 0 |
| Interest level | 0 |
| Reading level | 0 |
| Title point value | 624_183410000000000_PUN |
| 526 ## - STUDY PROGRAM INFORMATION NOTE | |
| Program name | 0 |
| Interest level | 0 |
| Reading level | 0 |
| Title point value | 624_183410000000000_PUN |
| 650 ## - SUBJECT ADDED ENTRY--TOPICAL TERM | |
| Topical term or geographic name entry element | MCE |
| 9 (RLIN) | 379 |
| 942 ## - ADDED ENTRY ELEMENTS (KOHA) | |
| Source of classification or shelving scheme | |
| Koha item type | Book |
| Withdrawn status | Lost status | Source of classification or shelving scheme | Damaged status | Not for loan | Permanent Location | Current Location | Date acquired | Total Checkouts | Full call number | Barcode | Date last seen | Price effective from | Koha item type |
|---|---|---|---|---|---|---|---|---|---|---|---|---|---|
| Military College of Engineering (MCE) | Military College of Engineering (MCE) | 06/24/2014 | 624.18341 PUN | MCE-24166 | 06/24/2014 | 06/24/2014 | Book | ||||||
| Military College of Engineering (MCE) | Military College of Engineering (MCE) | 06/24/2014 | 624.18341 PUN | MCE-24167 | 06/24/2014 | 06/24/2014 | Book | ||||||
| Military College of Engineering (MCE) | Military College of Engineering (MCE) | 06/24/2014 | 624.18341 PUN | MCE-24167/1 | 06/24/2014 | 06/24/2014 | Book |
